header

Intelligence of apes and other rational beings (Record no. 247050)

MARC details
000 -LEADER
fixed length control field 01395nam a22003494a 4500
082 04 - DEWEY DECIMAL CLASSIFICATION NUMBER
Classification number 156
100 1# - MAIN ENTRY--AUTHOR NAME
Personal name Rumbaugh, Duane M.,
245 10 - TITLE STATEMENT
Title Intelligence of apes and other rational beings
260 ## - PUBLICATION, DISTRIBUTION, ETC. (IMPRINT)
Place of publication New Heaven :
Name of publisher Yale University Press,
Year of publication c2003.
300 ## - PHYSICAL DESCRIPTION
Number of Pages xvii, 326 p. :
Other physical details ill.
490 1# - SERIES STATEMENT
Series statement Current perspectives in psychology
650 #0 - SUBJECT ADDED ENTRY--TOPICAL TERM
Topical Term Apes
Topical Term Animal intelligence.
Topical Term Psychology, Comparative.
700 1# - ADDED ENTRY--PERSONAL NAME
Personal name Washburn, David A.,
856 40 - ELECTRONIC LOCATION AND ACCESS
Uniform Resource Identifier http://site.ebrary.com/lib/rucke/Doc?id=10169936

No items available.

© 2026 Rongo University
Contact us: librarian | system librarian | Rongo university